| 000 | 00903nam a22002655a 4500 | ||
|---|---|---|---|
| 008 | 090422t2014 coua frb 001 0 eng d | ||
| 020 | _a0813349281 | ||
| 020 | _a9780813349282 | ||
| 040 |
_aEG-ScBUE _beng _cEG-ScBUE |
||
| 043 | _aaw----- | ||
| 082 | 0 | 4 |
_222 _a338.0956 _bPOL |
| 245 | 0 | 2 |
_aA political economy of the Middle East / _cAlan Richards ... [et al.] |
| 250 | _a3rd ed., updated 2013 ed. | ||
| 260 |
_aBoulder : _bWestview Press, _cc.2014. |
||
| 300 |
_axviii, 503 p. : _bill. ; _c23 cm. |
||
| 500 | _aIndex : p. 477-503. | ||
| 504 | _aBibliography : p. 437-476. | ||
| 650 | _2BUEsh | ||
| 651 | 7 |
_aMiddle East _xEconomic policy. _929818 _2BUEsh |
|
| 651 | 7 |
_aMiddle East _xPolitics and government. _911754 _2BUEsh |
|
| 653 |
_bBUSECO _cDecember2013 _cSeptember2014 |
||
| 653 |
_bBUSBOL _cJuly2015 _cJanuary2016 |
||
| 700 | 1 |
_92734 _aRichards, Alan _d1946- |
|
| 942 |
_2ddc _cBB _k338.0956 POL |
||
| 999 |
_c17874 _d17846 |
||